US, Canada, Australia, & UK Capitals - Statistics

General Stats
  • This quiz has been taken 42 times
  • The average score is 60 of 75
Answer Stats
Hint Answer % Correct
Ontario Toronto
100%
Quebec Quebec City
97%
New South Wales Sydney
97%
Colorado Denver
94%
England London
94%
Western Australia Perth
94%
California Sacramento
94%
New York Albany
91%
Georgia Atlanta
91%
Massachusetts Boston
91%
Scotland Edinburgh
91%
Hawaii Honolulu
91%
Indiana Indianapolis
91%
Utah Salt Lake City
91%
Florida Tallahassee
91%
Texas Austin
88%
Idaho Boise
88%
Wales Cardiff
88%
Alberta Edmonton
88%
Nova Scotia Halifax
88%
Alaska Juneau
88%
Arizona Phoenix
88%
Northern Ireland Belfast
85%
Queensland Brisbane
85%
Australian Capital Territory Canberra
85%
Ohio Columbus
85%
Arkansas Little Rock
85%
Oklahoma Oklahoma City
85%
Virginia Richmond
85%
New Mexico Santa Fe
85%
Illinois Springfield
85%
North Dakota Bismarck
82%
Kentucky Frankfort
82%
Victoria Melbourne
82%
Alabama Montgomery
82%
Washington Olympia
82%
British Columbia Victoria
82%
South Australia Adelaide
79%
Louisiana Baton Rouge
79%
Wyoming Cheyenne
79%
Northern Territory Darwin
79%
Iowa Des Moines
79%
Tennessee Nashville
79%
North Carolina Raleigh
79%
Minnesota St. Paul
79%
Kansas Topeka
79%
Maine Augusta
76%
Nevada Carson City
76%
Connecticut Hartford
76%
Montana Helena
76%
Michigan Lansing
76%
Nebraska Lincoln
76%
Vermont Montpelier
76%
South Dakota Pierre
76%
Rhode Island Providence
76%
Manitoba Winnipeg
76%
Northwest Territories Yellowknife
76%
Maryland Annapolis
73%
West Virginia Charleston
73%
South Carolina Columbia
73%
New Hampshire Concord
73%
Pennsylvania Harrisburg
73%
Mississippi Jackson
73%
Wisconsin Madison
73%
Oregon Salem
73%
New Jersey Trenton
73%
Delaware Dover
70%
Tasmania Hobart
70%
Missouri Jefferson City
70%
Saskatchewan Regina
70%
Newfoundland and Labrador St. John's
70%
Yukon Whitehorse
67%
Nunavut Iqaluit
58%
Prince Edward Island Charlottetown
55%
New Brunswick Fredericton
55%
No matching quizzes found
Score Distribution
Percent of People with Each Score
Percentile by Number Answered
Your Score History
You have not taken this quiz